Cornerstones; a history of Beaumont and Methodism, 1840-1968, (Запис № 484419)
[ простий вигляд ]
| 000 -LEADER | |
|---|---|
| fixed length control field | 01657cam a2200337 4500 |
| 001 - CONTROL NUMBER | |
| control field | cornerstoneshist00cren |
| 003 - CONTROL NUMBER IDENTIFIER | |
| control field | CaSfIA |
| 005 - DATE AND TIME OF LATEST TRANSACTION | |
| control field | 20210117235834.0 |
| 007 - PHYSICAL DESCRIPTION FIXED FIELD--GENERAL INFORMATION | |
| fixed length control field | cr|||| |
| 008 - FIXED-LENGTH DATA ELEMENTS--GENERAL INFORMATION | |
| fixed length control field | 690606s1968 txuaceh b 001 0 eng |
| 010 ## - LIBRARY OF CONGRESS CONTROL NUMBER | |
| LC control number | 68059594 |
| 040 ## - CATALOGING SOURCE | |
| Original cataloging agency | DLC |
| Transcribing agency | DLC |
| Modifying agency | OCLCQ |
| -- | BTCTA |
| -- | CaSfIA |
| 035 ## - SYSTEM CONTROL NUMBER | |
| System control number | (OCoLC)3211 |
| 050 00 - LIBRARY OF CONGRESS CALL NUMBER | |
| Classification number | BX8481.B35 |
| Item number | F53 |
| 082 00 - DEWEY DECIMAL CLASSIFICATION NUMBER | |
| Classification number | 287/.6764/145 |
| 029 1# - (OCLC) | |
| OCLC library identifier | AU@ |
| System control number | 000026432791 |
| 100 1# - MAIN ENTRY--PERSONAL NAME | |
| Personal name | Crenshaw, Rosa Dieu. |
| 245 10 - TITLE STATEMENT | |
| Title | Cornerstones; a history of Beaumont and Methodism, 1840-1968, |
| Medium | [electronic resource] |
| Statement of responsibility, etc | by Rosa Dieu Crenshaw and W.W. Ward. |
| 250 ## - EDITION STATEMENT | |
| Edition statement | [Special limited ed.]. |
| 260 ## - PUBLICATION, DISTRIBUTION, ETC. (IMPRINT) | |
| Place of publication, distribution, etc | Beaumont, Tex., |
| Name of publisher, distributor, etc | First Methodist Church Historical Committee |
| Date of publication, distribution, etc | [1968] |
| 300 ## - PHYSICAL DESCRIPTION | |
| Extent | xv, 269 p. |
| Other physical details | illus., facsims., plan, ports. |
| Dimensions | 24 cm. |
| 500 ## - GENERAL NOTE | |
| General note | "First written history of the First Methodist Church, prepared for the 1968 cornerstone." |
| 504 ## - BIBLIOGRAPHY, ETC. NOTE | |
| Bibliography, etc | Bibliographical references included in "Authors' notes" (p. 250-253). |
| 506 ## - RESTRICTIONS ON ACCESS NOTE | |
| Standardized terminology for access restriction | Необхідна авторизація на https://archive.org/ (створення облікового запису безкоштовно) |
| 506 ## - RESTRICTIONS ON ACCESS NOTE | |
| Standardized terminology for access restriction | Необхідна авторизація на https://openlibrary.org/ (створення облікового запису безкоштовно) |
| 610 10 - SUBJECT ADDED ENTRY--CORPORATE NAME | |
| Corporate name or jurisdiction name as entry element | Beaumont, Tex. |
| Subordinate unit | First Methodist Church. |
| 700 1# - ADDED ENTRY--PERSONAL NAME | |
| Personal name | Ward, Wendell Whittier, |
| Dates associated with a name | 1894- |
| Relator term | joint author. |
| 856 41 - ELECTRONIC LOCATION AND ACCESS | |
| Uniform Resource Identifier | <a href="http://www.archive.org/details/cornerstoneshist00cren">http://www.archive.org/details/cornerstoneshist00cren</a> |
| Public note | Free eBook from the Internet Archive |
| 856 42 - ELECTRONIC LOCATION AND ACCESS | |
| Uniform Resource Identifier | <a href="http://www.openlibrary.org/books/OL5633270M">http://www.openlibrary.org/books/OL5633270M</a> |
| Public note | Additional information and access via Open Library |
| 942 ## - ADDED ENTRY ELEMENTS (KOHA) | |
| Koha item type | ЕКнига |
Немає доступних примірників.